Bloons Tower Defense 6 - Statistics

General Stats
  • This quiz has been taken 230 times
  • The average score is 8 of 15
Answer Stats
Hints Answer % Correct
plane Monkey Ace
85%
super hero Super Monkey
74%
____ shooter Tack
68%
factory Spike Factory
66%
money farms Banana Farm
64%
icey Ice Monkey
64%
bombs Bomb Shooter
62%
submarine Monkey Sub
61%
magic Wizard Monkey
60%
stealth Ninja Monkey
54%
pirate Monkey Buccaneer
45%
tank Captain Churchill
30%
archer Quincey
10%
house Monkey Villiage
4%
helicopter Heli Piliot
3%
No matching quizzes found
Score Distribution
Percent of People with Each Score
Percentile by Number Answered
Your Score History
You have not taken this quiz